000 00688nam a22002417a 4500
999 _c364
_d364
003 OSt
005 20230301151756.0
008 140903b xxu||||| |||| 00| 0 eng d
020 _a 978-0340663165
020 _a 0340663162
040 _cDLC
082 _aQW4 C688t 1998
100 _aColiier, Leslie; Balows, Albert; Sussman, Max
_9931
245 _aTopley & Wilson's principles of Bacteriology & immunology
250 _a9th ed,
260 _bArnold;
_c1998
300 _axxxiv, 1086 p:
_bill ;
_c30 cm
504 _aIncludes bibliographical references and index
650 _aVirology
_9893
650 _aBacteriology
_9935
650 _aImmunology
_91416
942 _2z
_cB_BANK